000 03264nab a2200277 i 4500
003 BR-BrBNA
005 20240517133523.0
008 240517b2019 bl.qr|pooa||| 00| 0 por |
040 _aBR-BrBNA
_bpor
072 _aF08
072 _aK10
072 _aE11
100 _aRayol, Breno Pinto
100 _aMiranda, Izildinha de Souza
245 _aQuintais agroflorestais na Amazônia Central: caracterização, importância social e agrobiodiversidade
500 _aPublicação on-line; 38 ref.; 1 table; 2 illus.; Summaries (En, Pt)
520 _a Resumo O objetivo do presente estudo foi descrever as principais características dos quintais agroflorestais da Amazônia Central, assim como avaliar a importância social e a contribuição desses agroecossistemas para a conservação da agrobiodiversidade. Foram amostrados 334 quintais localizados em 14 municípios do Pará, Brasil. Os proprietários ou responsáveis foram entrevistados para a coleta de dados sobre o histórico, usos e práticas de manejo dos quintais. Os quintais da Amazônia Central são manejados de baixa a média intensidade com o uso de insumos internos e os principais critérios de seleção plantas estão relacionados aos seus potenciais de uso, formação de sombra e longevidade das espécies. Além da produção de alimentos para consumo familiar, os quintais desempenham funções estéticas, sociais, recreativas e religiosas. Os quintais agroflorestais da Amazônia Central desempenham importante papel na conservação da agrobiodiversidade. Palavras-chave: Agrobiodiversidade; Agroecossistema; Agroflorestal
520 _a Abstract The objective of the present study was to describe the main characteristics of homegardens in Central Amazon, as well as to evaluate the social importance and contribution of these agroecosystems to the conservation of agrobiodiversity. Three hundred and thirty-four (334) homegardens in 14 municipalities in the state of Pará were sampled, Brazil. The owners or those responsible for the homegardens were interviewed for the collection of history, uses and management of these homegardens. The homegardens of Central Amazon are managed from low to medium intensity with the use of internal inputs and the main criteria for selecting plants are related to their potential use, shade formation and longevity of the species. In addition to the production of food for family consumption, homegardens have aesthetic, social, recreational and religious functions. The homegardens in Central Amazon have an important role in the conservation of agrobiodiversity. Keywords: Agrobiodiversity; Agroecosystem; Agroforestry
650 _aBIODIVERSIDADE
650 _aAGROECOSSISTEMA
650 _aPOMAR
773 0 _04065
_9314613
_dSanta Maria-RS Universidade Federal de Santa Maria - Centro de Pesquisas Florestais.Departamento de Ciências Florestais. Programa de Pós-Graduação em Engenharia Florestal 1991
_o2024-0865
_tCiência Florestal (Brazil)
_x0103-9954; 1980-5098 (on-line)
_gv. 29(4) p. 1614-1629; (Oct-Dec 2019)
_wBR2023001707
856 _uhttps://www.scielo.br/j/cflo/a/KD8B4pHJPGM84fZ8cgKSWnb/?format=pdf&lang=pt
942 _cAnalítica
999 _c299655
_d299655